LIBRARY & INFORMATION CENTRE, KCAET, TAVANUR

ONLINE PUBLIC ACCESS CATALOGUE (OPAC)

Raise high the roof beam carpenters:seymour an introduction / (Record no. 4151)

MARC details
000 -LEADER
fixed length control field 00385cam a2200145ua 4500
041 ## - LANGUAGE CODE
Language code of text/sound track or separate title eng
082 ## - DEWEY DECIMAL CLASSIFICATION NUMBER
Classification number 823.308
Item number SAL/RA
100 ## - MAIN ENTRY--AUTHOR NAME
Personal name Salinger, J D .
245 ## - TITLE STATEMENT
Title Raise high the roof beam carpenters:seymour an introduction /
260 ## - PUBLICATION, DISTRIBUTION, ETC. (IMPRINT)
Place of publication :
Name of publisher Penquin books ,
Year of publication 1959.
300 ## - PHYSICAL DESCRIPTION
Number of Pages 156 ; .
942 ## - ADDED ENTRY ELEMENTS (KOHA)
Koha item type Books
Holdings
Withdrawn status Lost status Damaged status Home library Current library Date acquired Full call number Accession Number Koha item type
Withdrawn   Damaged KAUAET KAUAET 07/04/2012 823.308 10423 Books
free website counter